Palacio de Cristal, Madrid, Abril-Mayo 1984 (Record no. 33910)
[ view plain ]
| 000 -LEADER | |
|---|---|
| campo de control de longitud fija | 00485nam a2200145 i 4500 |
| 001 - NÚMERO DE CONTROL | |
| campo de control | 33910 |
| 003 - IDENTIFICADOR DE NÚMERO DE CONTROL | |
| campo de control | ES-MaACL |
| 007 - CAMPO FIJO DE DESCRIPCIÓN FÍSICA--INFORMACIÓN GENERAL | |
| campo de control de longitud fija | t| |
| 008 - DATOS DE LONGITUD FIJA--INFORMACIÓN GENERAL | |
| campo de control de longitud fija | 030203s1984 sp ||||1| spa d |
| 100 1# - ENTRADA PRINCIPAL--NOMBRE DE PERSONA | |
| Nombre de persona | Blasco, Arcadio. |
| 9 (RLIN) | 29363 |
| 245 10 - MENCIÓN DEL TÍTULO | |
| Título | Palacio de Cristal, Madrid, Abril-Mayo 1984 |
| Resto del título | : la cerámica / |
| Mención de responsabilidad, etc. | Arcadio Blasco. |
| 260 ## - PUBLICACIÓN, DISTRIBUCIÓN, ETC. | |
| Lugar de publicación, distribución, etc. | [Madrid] : |
| Nombre del editor, distribuidor, etc. | Dirección General de Bellas Artes y Archivos, |
| Fecha de publicación, distribución, etc. | [1984] |
| 300 ## - DESCRIPCIÓN FÍSICA | |
| Extensión | 139 p. : |
| Otras características físicas | principalmente il. ; |
| Dimensiones | 25 cm. |
| 852 ## - LOCALIZACIÓN | |
| Ubicación | ES-MaACL |
| Número de control de estantería | L-8499 |
| Sublocalización o colección | R.106374 |
| Estatus retirado | Estado de pérdida | Estado de daño | No para préstamo | Biblioteca de origen | Biblioteca actual | Ubicación en estantería | Fecha de adquisición | Fuente de adquisición | Total de préstamos | Signatura topográfica completa | Código de barras | Visto por última vez | Precio de reemplazo | Tipo de ítem Koha |
|---|---|---|---|---|---|---|---|---|---|---|---|---|---|---|
| Biblioteca del Ateneo de Madrid | Biblioteca del Ateneo de Madrid | Depósito 2 | 17/01/2008 | L-8499 | 1035315 | 23/02/2023 | 23/02/2023 | Libro impreso |
